000 00327pab a2200145 454500
008 180718b2002 xxu||||| |||| 00| 0 eng d
100 _aMukherjee, K.K.
245 _aGandhi and rural reconstruction
260 _c2002
300 _ap.17-23.
362 _aOct
650 _aGandhi, M.K.
773 _aYojana
909 _a53895
999 _c53895
_d53895